000 00834cam a2200265 4500
008 090401t1991 xxu||||| |||| 00| 0 eng d
020 _a0750612134
035 _a(Sirsi) u5235
041 _aeng
050 _a711.552
100 _aBeddington, Nadine
245 _aShopping centres: retail development, design and management.
250 _a2nd ed.
260 _aOxford
_bButterworth Architecture
_c1991
300 _axiv,236p. : ill. ; 30cm.
350 _a49.51
490 _aButterworth Architecture Library of Planning and Design
520 _aPrevious edition entitled Design for Shopping Centres.
650 _aBUILT ENVIRONMENT-CONSTRUCTION DESIGN
650 _aRETAIL DEVELOPMENT
650 _aSHOPPING CENTRES
690 _aPROPERTY-COMMERCIAL PROPERTY-RETAIL PROPERTY
942 _n0
948 _c04/03/1997
999 _c86145
_d86145